000 00206 a2200097 4500
001 30831
100 _aGreene, J
245 _aThinking and Language
260 _aLondon
_bMethuen
_c
090 _c20728
_d20728
942 _aNUST-CAE
_cM
_c11923
999 _c265904
_d265904